Filozofické príbehy

Bibliographic Details
Main Authors: Kiczko, Ladislav, 1951- (Author), Marcelli, Miroslav, 1947- (Author)
Format: Article
Language:Slovak
Subjects:

MARC

LEADER 00000nab a2200000 a 4500
001 vtls000396790
003 SK-MaSNL
005 20260426053145.0
008 140507c1990 xo 0 slo
015 |a SNBRB19rr/mm-uuuuu 
035 |a CL0396914 
040 |a SNKBUCL  |b slo  |c SNKBUCL  |e AACR2 
041 0 |a slo 
044 |a xo  |c SK 
080 |a 82.09:885.4-4(048)  |2 1981 
080 |a 885.4-4(048)  |2 1981 
080 |a 14(091)  |2 1981 
100 1 |a Kiczko, Ladislav,  |d 1951-  |4 aut  |9 114805 
245 1 0 |a Filozofické príbehy  |c Ladislav Kiczko 
650 0 7 |a eseje filozofické  |2 snkbucl  |9 388486 
650 0 7 |a filozofia  |2 snkbucl  |9 793 
655 7 |a články z novín a časopisov  |2 snkbucl  |9 267496 
655 7 |a články z odboru literárna veda a krásna literatúra  |2 snkbucl  |9 770045 
700 1 |a Marcelli, Miroslav,  |d 1947-  |4 aut  |9 228613 
773 0 |t Kultúrny život  |g Roč. 24, č. 28 (1990), s. 9 
787 0 8 |i Rec.:  |a Marcelli, Miroslav  |t Znovuobjavenie času  |d Bratislava : Smena, 1990 
850 |a Slovenská národná knižnica v Martine  |a MTA001 
852 |a SNK  |b KIS3GCP 
958 |a RK 
958 |a LX 
992 |a RBX 
999 |c 2091921  |d 2093851